| 000 | 01023nam a2200253 a 4500 | ||
|---|---|---|---|
| 999 |
_c10601 _d10601 |
||
| 001 | 10601 | ||
| 003 | BD-JhCC | ||
| 005 | 20180728100752.0 | ||
| 008 | 180728s2016 bg a|||| |||| 000 0 mul d | ||
| 020 | _a9789845062169 | ||
| 035 | _a(BD-JhCC)10601 | ||
| 040 |
_aBD-JhCC _dBD-JhCC |
||
| 041 | _aBenagla and Arabic | ||
| 082 |
_a297.54 _bDEV 2016 |
||
| 100 | _aডেভিডস, আবু মুনীর ইসমাইল | ||
| 245 |
_aহজ পালনের শ্রেষ্ঠ উপায় / _cআবু মুনীর ইসমাইল ডেভিডস, রিয়াজ উদ্দীন (অনু.) |
||
| 260 |
_aঢাকা : _bইউনিভার্সিটি প্রেস লিমিটেড, _c২০১৬. |
||
| 300 |
_a৩৭৪ পৃ. : _bচিত্রাবলী সংযোজিত; _c২১ সেমি. |
||
| 504 | _aIncludes Bibliography | ||
| 650 | _aPillar of Islam | ||
| 650 | _aHajj | ||
| 700 | _aউদ্দীন, রিয়াজ | ||
| 942 |
_2ddc _cBK |
||